[Event "WLS-chA 68th"]
[Site "Cardiff"]
[Date "2024.03.31"]
[Round "5"]
[White "Van Kemenade, Rudy"]
[Black "Rathbone Jones, Ifan"]
[Result "1-0"]
[WhiteElo "1966"]
[BlackElo "1966"]
[PlyCount "91"]
[EventDate "2024.03.29"]
[EventType "swiss"]
[EventRounds "7"]
[EventCountry "WLS"]
[SourceTitle "CB14_2024"]
[SourceDate "2024.04.01"]
[SourceVersion "1"]
[SourceVersionDate "2024.04.01"]
[SourceQuality "1"]

1. f4 h5 2. Nf3 h4 3. e4 c5 4. Nc3 d6 5. Bb5+ Bd7 6. Bxd7+ Nxd7 7. d4 e6 8. Be3 Rc8 9. d5 exd5 10. exd5 Qb6 11. Qd3 Be7 12. 0-0 h3 13. g3 Nh6 14. Nd2 Ng4 15. Nc4 Qa6 16. a4 Nxe3 17. Nxe3 Qxd3 18. cxd3 g6 19. Nc4 Nb6 20. Nxb6 axb6 21. Nb5 Rh5 22. f5 gxf5 23. Rf4 c4 24. dxc4 Kd7 25. b3 Bg5 26. Rf3 Re8 27. Kf1 Bd2 28. Rd1 Bb4 29. Nd4 Re5 30. Ne2 Rh8 31. Nf4 Rhe8 32. Nxh3 Rh8 33. Kg2 Re2+ 34. Nf2 Bc5 35. Rf1 Rb2 36. Kh1 Bd4 37. h4 f4 38. Rxf4 Bxf2 39. Rxf7+ Ke8 40. R1xf2 Rxb3 41. Rxb7 Rh6 42. Kg2 Rg6 43. Rf3 Rb2+ 44. Kh3 Rb1 45. a5 Kd8 46. Rf8# 1-0

[Event "Scarborough op"]
[Site "Scarborough"]
[Date "2023.10.27"]
[Round "1"]
[White "Van Kemenade, Rudy"]
[Black "Longson, Sarah N"]
[Result "1/2-1/2"]
[WhiteElo "1946"]
[BlackElo "2006"]
[PlyCount "121"]
[EventDate "2023.10.27"]
[EventType "swiss"]
[EventRounds "5"]
[EventCountry "ENG"]
[SourceTitle "Mega2024 Update 01"]
[Source "Chessbase"]
[SourceDate "2023.11.12"]
[SourceVersion "1"]
[SourceVersionDate "2023.11.12"]
[SourceQuality "1"]

1. e4 e5 2. Nf3 Nc6 3. Bc4 Nf6 4. d3 Be7 5. c3 0-0 6. 0-0 d5 7. exd5 Nxd5 8. Re1 Bg4 9. h3 Bh5 10. Nbd2 Nb6 11. Bb5 f6 12. Bxc6 bxc6 13. Ne4 Qd5 14. g4 Bf7 15. Qe2 Rad8 16. d4 exd4 17. Nxd4 Rfe8 18. f3 Bg6 19. Bf4 Bc5 20. Bxc7 Rd7 21. Bxb6 axb6 22. Kg2 Bxd4 23. cxd4 Rde7 24. Qf2 Bxe4 25. fxe4 Rxe4 26. Rxe4 Rxe4 27. Qf3 Re2+ 28. Kg3 Qe6 29. Qf5 Qxf5 30. gxf5 Rxb2 31. Rc1 Rxa2 32. Rxc6 Rd2 33. Rxb6 Rxd4 34. Rb8+ Kf7 35. Rb7+ Kf8 36. Ra7 h5 37. Ra8+ Kf7 38. Ra7+ Kg8 39. h4 Rg4+ 40. Kh3 Rf4 41. Ra5 Re4 42. Ra8+ Kh7 43. Ra3 Re5 44. Rf3 Kg8 45. Kg3 Kf7 46. Kf4 Re1 47. Rf2 Rg1 48. Rh2 Rg4+ 49. Kf3 Ke7 50. Re2+ Kd6 51. Re6+ Kd5 52. Re7 Rxh4 53. Rxg7 Ke5 54. Kg3 Rh1 55. Kg2 Ra1 56. Rh7 Kxf5 57. Rxh5+ Kg4 58. Rb5 Ra2+ 59. Kf1 f5 60. Rb3 f4 61. Rc3 1/2-1/2

[Event "EU-chT Seniors 65"]
[Site "Swidnica"]
[Date "2023.07.14"]
[Round "3.7"]
[White "Orton, Stephen LA"]
[Black "Van Kemenade, Rudy"]
[Result "1-0"]
[WhiteElo "2133"]
[BlackElo "1934"]
[PlyCount "81"]
[EventDate "2023.07.12"]
[EventType "team-swiss"]
[EventRounds "9"]
[EventCountry "POL"]
[SourceTitle "CBM 215 Extra"]
[Source "ChessBase"]
[SourceDate "2023.09.30"]
[SourceVersion "1"]
[SourceVersionDate "2023.09.30"]
[SourceQuality "1"]
[WhiteTeam "England 65 II"]
[BlackTeam "Wales Cymru 65"]
[WhiteTeamCountry "ENG"]
[BlackTeamCountry "WLS"]

1. e4 e5 2. Nf3 Nf6 3. Nxe5 d6 4. Nf3 Nxe4 5. Nc3 Nxc3 6. dxc3 Be7 7. Be3 0-0 8. Qd2 Nd7 9. 0-0-0 Nf6 10. Bd3 c5 11. Ng5 d5 12. c4 d4 13. Bf4 b5 14. Rde1 bxc4 15. Bxc4 Bd6 16. Re2 Bb7 17. Rhe1 Bd5 18. Bxd5 Nxd5 19. Bxd6 Qxd6 20. Ne4 Qc6 21. g3 h6 22. Qd3 Rab8 23. Qc4 Rfc8 24. Nxc5 Rb4 25. Qd3 g6 26. Nb3 Qa4 27. Kb1 Nc3+ 28. bxc3 dxc3 29. Qd1 a5 30. Qc1 Qb5 31. Re5 Qb6 32. Qxh6 Qc6 33. Rxa5 Ra4 34. Rc5 Qa8 35. Rxc8+ Qxc8 36. Qe3 Ra8 37. Qc5 Qa6 38. Qxc3 Qxa2+ 39. Kc1 Qa3+ 40. Qb2 Qb4 41. Re3 1-0

[Event "WLS-ch 67th"]
[Site "Cardiff"]
[Date "2023.04.09"]
[Round "5"]
[White "Van Kemenade, Rudy"]
[Black "McKenna, Joshua"]
[Result "1-0"]
[WhiteElo "1936"]
[BlackElo "1688"]
[PlyCount "83"]
[EventDate "2023.04.07"]
[EventType "swiss"]
[EventRounds "7"]
[EventCountry "WLS"]
[SourceTitle "CBM 213 Extra"]
[Source "ChessBase"]
[SourceDate "2023.05.31"]
[SourceVersion "1"]
[SourceVersionDate "2023.05.31"]
[SourceQuality "1"]

1. e4 d6 2. d4 Nf6 3. Nc3 g6 4. g3 Bg7 5. Bg2 0-0 6. h3 c6 7. a4 e5 8. Nge2 exd4 9. Nxd4 Re8 10. 0-0 Nbd7 11. Re1 Nf8 12. Be3 Ne6 13. f4 Nh5 14. Nde2 c5 15. g4 Nf6 16. Nb5 Nd4 17. Nexd4 cxd4 18. Bxd4 a6 19. Nc3 h6 20. Qd2 Rb8 21. Red1 b5 22. axb5 axb5 23. Ba7 Rb7 24. e5 Rxa7 25. Rxa7 Qb6+ 26. Qf2 Qxf2+ 27. Kxf2 dxe5 28. fxe5 Nxg4+ 29. hxg4 Bxe5 30. Bf3 Be6 31. Nxb5 Bxb2 32. Nc7 Re7 33. Ra8+ Kg7 34. Nxe6+ Rxe6 35. Rd7 Rf6 36. c4 Rf4 37. c5 Bd4+ 38. Kg3 Be5 39. Kg2 Rc4 40. c6 Rc2+ 41. Kf1 Rc1+ 42. Ke2 1-0

[Event "BCF-chT3E 2223 (4NCL)"]
[Site "England"]
[Date "2023.03.26"]
[Round "8.55"]
[White "Weersing, Nathan"]
[Black "Van Kemenade, Rudy"]
[Result "0-1"]
[WhiteElo "1517"]
[BlackElo "1936"]
[PlyCount "110"]
[EventDate "2022.11.05"]
[EventType "team-tourn"]
[EventRounds "11"]
[EventCountry "ENG"]
[SourceTitle "EXT 2024"]
[Source "ChessBase"]
[SourceDate "2023.10.10"]
[SourceVersion "1"]
[SourceVersionDate "2023.10.10"]
[SourceQuality "1"]
[WhiteTeam "Poisoned Pawns"]
[BlackTeam "Rhyfelwyr Essyllwg"]
[WhiteTeamCountry "ENG"]
[BlackTeamCountry "ENG"]

1. e4 e5 2. Nf3 Nf6 3. Nxe5 d6 4. Nf3 Nxe4 5. Qe2 Qe7 6. d3 Nf6 7. Bg5 Be6 8. Nc3 Nbd7 9. g3 h6 10. Be3 d5 11. a3 c5 12. Nb5 Kd8 13. Bf4 Ne8 14. Bg2 g5 15. Be5 f6 16. Bc3 a6 17. Ba5+ b6 18. Bxb6+ Nxb6 19. Nc3 Bf7 20. Nd2 Qxe2+ 21. Nxe2 Ra7 22. 0-0 Nd6 23. b3 Nf5 24. c4 a5 25. Nc3 Ne7 26. Nb5 Rd7 27. Bh3 f5 28. Rae1 Bg7 29. Re2 g4 30. Bg2 Ng6 31. a4 Re8 32. Rfe1 Rxe2 33. Rxe2 Re7 34. Kf1 Rxe2 35. Kxe2 Kd7 36. f3 h5 37. Nf1 f4 38. fxg4 hxg4 39. Bxd5 Nxd5 40. cxd5 Bxd5 41. Nd2 Be5 42. Kf2 Bc6 43. Ne4 Bxe4 44. dxe4 Bd4+ 45. Nxd4 cxd4 46. gxf4 Nxf4 47. Ke1 Kd6 48. Kd2 Ke5 49. b4 axb4 50. a5 Kxe4 51. a6 Nd5 52. a7 Nb6 53. Kc2 d3+ 54. Kd2 Na8 55. Kd1 Ke3 0-1

[Event "BCF-chT3E 2223 (4NCL)"]
[Site "England"]
[Date "2023.03.25"]
[Round "7.55"]
[White "Van Kemenade, Rudy"]
[Black "Lancaster, Roger"]
[Result "1/2-1/2"]
[WhiteElo "1936"]
[BlackElo "1956"]
[PlyCount "101"]
[EventDate "2022.11.05"]
[EventType "team-tourn"]
[EventRounds "11"]
[EventCountry "ENG"]
[SourceTitle "EXT 2024"]
[Source "ChessBase"]
[SourceDate "2023.10.10"]
[SourceVersion "1"]
[SourceVersionDate "2023.10.10"]
[SourceQuality "1"]
[WhiteTeam "Rhyfelwyr Essyllwg"]
[BlackTeam "Watford"]
[WhiteTeamCountry "ENG"]
[BlackTeamCountry "ENG"]

1. e4 e6 2. d3 d5 3. Qe2 dxe4 4. dxe4 e5 5. Nf3 Nc6 6. c3 Bd6 7. Qc2 a6 8. a4 Bg4 9. Nbd2 Qf6 10. Be2 Nge7 11. Nc4 Bxf3 12. Bxf3 Ng6 13. b4 Nh4 14. Qe2 0-0 15. Ne3 Nxf3+ 16. Qxf3 Qxf3 17. gxf3 Ne7 18. Nc4 b5 19. Nxd6 cxd6 20. Bg5 f6 21. Be3 Kf7 22. Ke2 Rfc8 23. Ra3 Rab8 24. Rc1 f5 25. Bg5 fxe4 26. fxe4 Nc6 27. axb5 axb5 28. Ra6 Ke6 29. Be3 h6 30. Rd1 Ra8 31. Rda1 Rab8 32. Rb6 Rxb6 33. Bxb6 d5 34. Kd3 d4 35. Bc5 dxc3 36. Kxc3 Nd4 37. Ra7 Kf6 38. Kd3 Nf3 39. h4 Kg6 40. h5+ Kxh5 41. Rxg7 Ra8 42. Ba7 Ng5 43. Re7 Kg4 44. Be3 Ra3+ 45. Ke2 Ra2+ 46. Kd3 Ra3+ 47. Kc2 Nxe4 48. Rxe5 Nxf2 49. Bxh6 Nd3 50. Rxb5 Nxb4+ 51. Rxb4+ 1/2-1/2

[Event "Swansea West Wales op"]
[Site "Swansea"]
[Date "2022.11.13"]
[Round "4"]
[White "Jukes, Sam"]
[Black "Van Kemenade, Rudy"]
[Result "1-0"]
[WhiteElo "1921"]
[BlackElo "1940"]
[PlyCount "37"]
[EventDate "2022.11.11"]
[EventType "swiss"]
[EventRounds "5"]
[EventCountry "WLS"]
[SourceTitle "EXT 2024"]
[Source "ChessBase"]
[SourceDate "2023.10.10"]
[SourceVersion "1"]
[SourceVersionDate "2023.10.10"]
[SourceQuality "1"]

1. e4 e5 2. Nf3 Nf6 3. Nxe5 d6 4. Nf3 Nxe4 5. Nc3 Nxc3 6. dxc3 Be7 7. Be3 0-0 8. Qd2 Nd7 9. 0-0-0 Nf6 10. Bd3 c5 11. h4 Be6 12. h5 Bxa2 13. h6 g6 14. Rhe1 Re8 15. Bb5 Rf8 16. Bg5 Be6 17. Qe2 Nd5 18. Rxd5 Bxd5 19. Bxe7 1-0

[Event "Swansea West Wales op"]
[Site "Swansea"]
[Date "2022.11.13"]
[Round "5"]
[White "Van Kemenade, Rudy"]
[Black "Golding, William"]
[Result "1-0"]
[WhiteElo "1940"]
[BlackElo "1721"]
[PlyCount "63"]
[EventDate "2022.11.11"]
[EventType "swiss"]
[EventRounds "5"]
[EventCountry "WLS"]
[SourceTitle "EXT 2024"]
[Source "ChessBase"]
[SourceDate "2023.10.10"]
[SourceVersion "1"]
[SourceVersionDate "2023.10.10"]
[SourceQuality "1"]

1. f4 Nf6 2. Nf3 d6 3. g3 c5 4. d3 g6 5. Bg2 Nc6 6. c4 Bg7 7. Nc3 0-0 8. 0-0 Bd7 9. h3 a6 10. a4 Qc7 11. g4 e6 12. Qe1 d5 13. g5 Nh5 14. cxd5 Bxc3 15. Qxc3 exd5 16. Qxc5 Qc8 17. Kh2 Be6 18. Nh4 Re8 19. Qf2 Ne7 20. Bd2 Qd7 21. Bc3 h6 22. gxh6 Kh7 23. e4 f5 24. Nf3 Nc6 25. Ng5+ Kxh6 26. Nxe6 fxe4 27. dxe4 dxe4 28. Nc5 Qf5 29. Qe3 Nf6 30. Bxf6 Qxf6 31. f5+ g5 32. Nxe4 1-0

[Event "WLS-ch Seniors"]
[Site "Cardiff"]
[Date "2022.09.03"]
[Round "2"]
[White "Van Kemenade, Rudy"]
[Black "Hughes, Anthony"]
[Result "1-0"]
[WhiteElo "1922"]
[BlackElo "1865"]
[PlyCount "95"]
[EventDate "2022.09.02"]
[EventType "swiss"]
[EventRounds "5"]
[EventCountry "WLS"]
[SourceTitle "EXT 2024"]
[Source "ChessBase"]
[SourceDate "2023.10.10"]
[SourceVersion "1"]
[SourceVersionDate "2023.10.10"]
[SourceQuality "1"]

1. e4 c6 2. d4 d5 3. e5 c5 4. Nf3 cxd4 5. Nxd4 Nc6 6. c4 e6 7. Nc3 Bb4 8. Nxc6 bxc6 9. Qg4 Ne7 10. cxd5 Bxc3+ 11. bxc3 Qxd5 12. Qxg7 Rg8 13. Qf6 Qe4+ 14. Be3 Nd5 15. Qf3 Qxe5 16. Rc1 Rb8 17. Be2 c5 18. 0-0 Nxe3 19. fxe3 Rg7 20. Rb1 Rb6 21. Rxb6 axb6 22. Qa8 Qxe3+ 23. Rf2 Qc1+ 24. Bf1 Kd8 25. Qb8 f5 26. Qxb6+ Rc7 27. Qd6+ Rd7 28. Qf8+ Kc7 29. Qxc5+ Kb8 30. Qe5+ Rc7 31. c4 Ba6 32. Rb2+ Bb7 33. Rb5 Qg5 34. c5 Kc8 35. Qxe6+ Kd8 36. c6 Rxc6 37. Rd5+ Kc7 38. Rd7+ Kb8 39. Qe5+ Ka7 40. Qa5+ Kb8 41. Rd8+ Bc8 42. Qe5+ Kb7 43. Rd4 Rb6 44. Be2 Qc1+ 45. Kf2 Rb2 46. Qe7+ Kb8 47. Rb4+ Ka8 48. Ra4+ 1-0

[Event "WLS-ch Seniors"]
[Site "Cardiff"]
[Date "2022.09.02"]
[Round "1"]
[White "Van Kemenade, Rudy"]
[Black "Williams, Duncan"]
[Result "0-1"]
[WhiteElo "1922"]
[BlackElo "1725"]
[PlyCount "146"]
[EventDate "2022.09.02"]
[EventType "swiss"]
[EventRounds "5"]
[EventCountry "WLS"]
[SourceTitle "EXT 2024"]
[Source "ChessBase"]
[SourceDate "2023.10.10"]
[SourceVersion "1"]
[SourceVersionDate "2023.10.10"]
[SourceQuality "1"]

1. f4 d5 2. Nf3 Nf6 3. g3 g6 4. Bg2 Bg7 5. 0-0 0-0 6. d3 c5 7. Qe1 Qb6 8. Kh1 d4 9. Na3 Be6 10. Ng5 Bd5 11. Ne4 Qc6 12. Nxf6+ exf6 13. Qf2 Re8 14. Re1 f5 15. Rb1 Na6 16. Bd2 Nb4 17. Bxb4 cxb4 18. Nc4 b5 19. Na5 Bxg2+ 20. Qxg2 Qc7 21. Nb3 Qxc2 22. Qd5 Rad8 23. Qxb5 Rxe2 24. Rxe2 Qxe2 25. Qxb4 Qf3+ 26. Kg1 Qe3+ 27. Kh1 Qxd3 28. Re1 Qf3+ 29. Kg1 d3 30. Qd2 Qd5 31. Rd1 Rd6 32. h3 Bf6 33. Kh2 Bd8 34. Nc1 Bb6 35. Qxd3 Qc5 36. Qxd6 Qf2+ 37. Kh1 Qxg3 38. Qd3 Be3 39. Qf1 Bxf4 40. Qg2 Qe3 41. Ne2 Be5 42. Nc3 Kg7 43. Nd5 Qc5 44. b4 Qb5 45. Qf1 Qc6 46. Qe2 f6 47. Qd2 Qc4 48. a4 Qh4 49. Qg2 h5 50. Ne3 Qxb4 51. Nxf5+ Kh7 52. Rd7+ Kh8 53. Qa8+ Bb8 54. Ng3 Qe1+ 55. Kg2 Qxg3+ 56. Kf1 Qxh3+ 57. Ke2 Qxd7 58. Qxb8+ Kg7 59. a5 a6 60. Qb6 Qg4+ 61. Kd2 Qc4 62. Qb7+ Kh6 63. Qb6 Kg5 64. Qg1+ Kf5 65. Qb1+ Qe4 66. Qb6 Qd5+ 67. Kc2 Qc4+ 68. Kd1 h4 69. Qb1+ Qe4 70. Qb6 h3 71. Qxa6 h2 72. Qc8+ Kg5 73. Qc5+ f5 0-1

[Event "South Wales Autumn op"]
[Site "Newport"]
[Date "2019.11.17"]
[Round "5"]
[White "Morgans, Justin"]
[Black "Van Kemenade, Rudy"]
[Result "0-1"]
[WhiteElo "1657"]
[BlackElo "1885"]
[PlyCount "114"]
[EventDate "2019.11.15"]
[EventType "swiss"]
[EventRounds "5"]
[EventCountry "WLS"]
[SourceTitle "EXT 2022"]
[Source "ChessBase"]
[SourceDate "2021.10.06"]
[SourceVersion "1"]
[SourceVersionDate "2021.10.06"]
[SourceQuality "1"]

1. e4 d6 2. d4 Nf6 3. Nc3 c6 4. Nf3 Qc7 5. Be2 e5 6. Be3 h6 7. h3 Nbd7 8. Qd2 Be7 9. g4 b5 10. a3 g5 11. d5 a6 12. 0-0 c5 13. b4 cxb4 14. axb4 Bb7 15. Bd3 Rc8 16. Ne2 Bxd5 17. exd5 e4 18. Nfd4 exd3 19. cxd3 Nxd5 20. Rxa6 Ne5 21. Rc1 Qb7 22. Rxc8+ Qxc8 23. Qa2 Nxb4 24. Ra8 Nxa2 25. Rxc8+ Bd8 26. Nxb5 Kd7 27. Ra8 Nb4 28. d4 Nec6 29. Nec3 d5 30. Na4 Bf6 31. Nc5+ Ke7 32. Rxh8 Bxh8 33. Kg2 Nc2 34. Nb3 Kd7 35. Kf3 Ne7 36. Na5 f5 37. gxf5 Nxf5 38. Ke2 Ncxd4+ 39. Nxd4 Bxd4 40. Nb3 Bxe3 41. fxe3 Kd6 42. Nd2 Ke5 43. Kf3 h5 44. Nf1 Nh4+ 45. Kf2 Kf5 46. Ng3+ Kg6 47. e4 d4 48. Ne2 d3 49. Nd4 Kf6 50. Ke3 Ng2+ 51. Kxd3 Nf4+ 52. Ke3 Nxh3 53. Nf3 g4 54. Nh4 Kg5 55. Ng2 Ng1 56. Kf2 Nf3 57. Kf1 Nd2+ 0-1

[Event "South Wales Autumn op"]
[Site "Newport"]
[Date "2019.11.16"]
[Round "3"]
[White "Gilbert, Jonathan A"]
[Black "Van Kemenade, Rudy"]
[Result "1/2-1/2"]
[WhiteElo "2008"]
[BlackElo "1885"]
[PlyCount "58"]
[EventDate "2019.11.15"]
[EventType "swiss"]
[EventRounds "5"]
[EventCountry "WLS"]
[SourceTitle "EXT 2022"]
[Source "ChessBase"]
[SourceDate "2021.10.06"]
[SourceVersion "1"]
[SourceVersionDate "2021.10.06"]
[SourceQuality "1"]

1. d4 Nf6 2. Nf3 g6 3. c4 Bg7 4. Nc3 0-0 5. e4 d6 6. Be2 e5 7. 0-0 Nc6 8. d5 Ne7 9. Ne1 Ne8 10. Nd3 f5 11. f3 f4 12. g4 g5 13. Bd2 Ng6 14. Be1 Rf7 15. Rc1 Bf8 16. Bf2 Nf6 17. c5 h5 18. h3 Rh7 19. cxd6 cxd6 20. Kg2 hxg4 21. hxg4 Nh4+ 22. Bxh4 Rxh4 23. Rh1 Rxh1 24. Kxh1 Bd7 25. Qb3 Rb8 26. a4 Ne8 27. Kg2 Kg7 28. Rh1 Nf6 29. Rc1 Ne8 1/2-1/2

[Event "Wales-chT 1920"]
[Site "Wales"]
[Date "2019.10.20"]
[Round "1.16"]
[White "Heaven, Peter"]
[Black "Van Kemenade, Rudy"]
[Result "1/2-1/2"]
[WhiteElo "1995"]
[BlackElo "1885"]
[PlyCount "42"]
[EventDate "2019.10.20"]
[EventType "team-tourn"]
[EventRounds "7"]
[EventCountry "WLS"]
[SourceTitle "EXT 2022"]
[Source "ChessBase"]
[SourceDate "2021.10.06"]
[SourceVersion "1"]
[SourceVersionDate "2021.10.06"]
[SourceQuality "1"]
[WhiteTeam "White Knights"]
[BlackTeam "Cardigan"]
[WhiteTeamCountry "WLS"]
[BlackTeamCountry "WLS"]

1. e4 e5 2. Nf3 Nf6 3. Nxe5 d6 4. Nf3 Nxe4 5. d4 d5 6. Bd3 Nc6 7. 0-0 Bg4 8. c4 Nf6 9. Nc3 Bxf3 10. Qxf3 Nxd4 11. Qh3 Ne6 12. cxd5 Nxd5 13. Bb5+ c6 14. Rd1 cxb5 15. Rxd5 Qc8 16. Be3 Be7 17. Nxb5 Qc6 18. Rad1 0-0 19. Nc3 Rfd8 20. Qf5 a6 21. Rxd8+ Rxd8 1/2-1/2

[Event "West Wales op"]
[Site "Swansea"]
[Date "2019.10.12"]
[Round "2"]
[White "Sipho, Donovan"]
[Black "Van Kemenade, Rudy"]
[Result "0-1"]
[WhiteElo "1659"]
[BlackElo "1885"]
[PlyCount "102"]
[EventDate "2019.10.11"]
[EventType "swiss"]
[EventRounds "5"]
[EventCountry "WLS"]
[SourceTitle "EXT 2022"]
[Source "ChessBase"]
[SourceDate "2021.10.06"]
[SourceVersion "1"]
[SourceVersionDate "2021.10.06"]
[SourceQuality "1"]

1. d4 Nf6 2. c4 e5 3. Nc3 exd4 4. Qxd4 Nc6 5. Qd1 Bc5 6. Nf3 Ng4 7. Ne4 Bb4+ 8. Bd2 Bxd2+ 9. Qxd2 0-0 10. e3 Re8 11. Nc3 a5 12. Be2 Nce5 13. 0-0 Ra6 14. Qd4 Rd6 15. Qf4 Rf6 16. Qg3 Rg6 17. Qf4 d6 18. Nxe5 dxe5 19. Qe4 Qh4 20. h3 f5 21. Qd5+ Be6 22. Qxb7 Nf6 23. Kh2 f4 24. Ne4 fxe3 25. Nxf6+ gxf6 26. Qf3 exf2 27. Rxf2 Bxc4 28. b3 Bxe2 29. Qxe2 Qg3+ 30. Kh1 Rd8 31. Raf1 Kg7 32. Qc4 Rd7 33. Qb5 Rd1 34. Qe2 Rxf1+ 35. Rxf1 Qc3 36. Rf3 Qc6 37. Qc4 Qxc4 38. bxc4 Rg5 39. Rd3 Kg6 40. Rd7 c5 41. Ra7 e4 42. Kg1 Kf5 43. Rxa5 Kf4 44. Ra3 e3 45. Kf1 Rg3 46. Ra5 Ke4 47. Rxc5 Kd3 48. Rd5+ Kxc4 49. Rf5 Kd3 50. Rf3 Rxf3+ 51. gxf3 Kd2 0-1

[Event "WLS-ch Seniors"]
[Site "Merthyr Tydfil"]
[Date "2019.09.28"]
[Round "2"]
[White "Van Kemenade, Rudy"]
[Black "Phillips, William"]
[Result "0-1"]
[WhiteElo "1885"]
[BlackElo "1893"]
[PlyCount "160"]
[EventDate "2019.09.27"]
[EventType "swiss"]
[EventRounds "5"]
[EventCountry "WLS"]
[SourceTitle "EXT 2022"]
[Source "ChessBase"]
[SourceDate "2021.10.06"]
[SourceVersion "1"]
[SourceVersionDate "2021.10.06"]
[SourceQuality "1"]

1. e4 e5 2. Nf3 Nc6 3. Bc4 Bc5 4. c3 Nf6 5. d3 a6 6. 0-0 0-0 7. h3 Bb6 8. Re1 d6 9. Bb3 Be6 10. Bc2 Ne7 11. d4 Ng6 12. dxe5 dxe5 13. Qxd8 Raxd8 14. Bg5 h6 15. Bxf6 gxf6 16. Nbd2 Nf4 17. Nf1 Nd3 18. Bxd3 Rxd3 19. Ng3 Bxh3 20. Nh5 Be6 21. Nxf6+ Kg7 22. Nh5+ Kh8 23. a4 Rfd8 24. a5 Ba7 25. Ra4 Bg4 26. Nxe5 Bxh5 27. Nxd3 Rxd3 28. Rb4 Rd2 29. Rf1 Be2 30. Ra1 Bb5 31. Kh2 Bxf2 32. e5 Bc6 33. Rf1 Bd5 34. Rg4 Be6 35. Rf4 Be3 36. R4f3 Bg5 37. R3f2 Rd5 38. b4 Rxe5 39. Rd1 Re3 40. Rf3 Re4 41. Rdd3 Kg7 42. Kg1 Bg4 43. Rg3 h5 44. Rd5 Bf4 45. Rgd3 Bd6 46. b5 axb5 47. Rxb5 Ra4 48. Rd4 Rxd4 49. cxd4 Bc8 50. Rxh5 b6 51. axb6 cxb6 52. Rb5 Bc7 53. d5 Bd7 54. Rb3 Bd6 55. Kf2 Bc5+ 56. Kf3 Kf6 57. Ke4 Bf5+ 58. Kf3 Ke5 59. g4 Bg6 60. Rb2 Kxd5 61. Kf4 Kc6 62. Ke5 b5 63. Rb3 b4 64. Rf3 Kb5 65. Kd5 Bf8 66. Rh3 Bg7 67. Rf3 Bc3 68. Rh3 Bc2 69. Rf3 Bb3+ 70. Ke4 Be6 71. Kd3 Bg7 72. Kc2 b3+ 73. Kb1 b2 74. Rf4 Kc5 75. g5 Kd5 76. Rf2 Bd4 77. Rf1 Ke5 78. Re1+ Kf5 79. Rd1 Bg7 80. Rg1 Kg6 0-1